Famous Family Trees Quiz Stats

 Plays Quiz Updated Feb 7, 2018

Also try: Family Tree
Challenge
Share
Tweet
Score 0/20 Timer 15:00
4 Plays Today
% Correct
Angelina Jolie
96.5%
Lisa Simpson
94.1%
Kim Kardashian
92.9%
Monica Geller-Bing
83%
Harry Potter
78.8%
Janet Jackson
76.3%
Zeus
74.9%
Robert F. Kennedy
67.5%
Mufasa
66.1%
Queen Elizabeth I
64.2%
% Correct
Padmé Amidala
55.4%
Julius Caesar
54%
Elizabeth Turner (née Swann)
46.7%
Moses
34.7%
Marshall Eriksen
33.6%
Arwen Undómiel
31.1%
Anderson Cooper
30.7%
Rachel Berry
23.5%
Jawaharlal Nehru
15.1%
Avatar Aang
13.8%

You're not logged in!

Compare scores with friends on all Sporcle quizzes.
Join for Free
OR
Log In

You Might Also Like...

Show Comments

Extras

Top Quizzes Today


Score Distribution

Your Account Isn't Verified!

In order to create a playlist on Sporcle, you need to verify the email address you used during registration. Go to your Sporcle Settings to finish the process.

Report this User

Report this user for behavior that violates our Community Guidelines.

Details: